00285cam6a220012100 4500001001200000008004100012035001900053035001800072100003100090245002600121260001000147004000600157zam00003238951128s1991 xx eng u a(Sirsi) r20570 a(MACHINE)SLC. aMunatamba, P. M.6A81274.110aPavlovian psychology. c1991.20570